000 00785nam a2200241 i 4500
001 bg
245 0 0 _aĆwiczenia laboratoryjne z mechaniki gruntów i fundamentowania /
_cGrażyna Sendkowska [et al.].
250 _aWyd. 2.
260 _aKielce :
_bWydaw. PŚ,
_c2004.
300 _a126 s. :
_brys., wykr. ;
_c23 cm.
490 1 _aSkrypty / [Politechnika Świętokrzyska],
_x0239-6386 ;
_vnr 404
650 9 _aFundamenty
650 9 _aMechanika gruntów
655 _aMateriały pomocnicze dla szkół wyższych
700 1 _aSENDKOWSKA, Grażyna
830 0 _aSkrypty ([Politechnika Świętokrzyska]) ;
_vnr 404
015 _aPB 1861/2005
040 _cBPK
041 0 _apol
080 _a624.131:624.15](075.8)
942 _cKS
008 s pl f |000 0 pol
999 _c45868
_d45868
856 _uhttp://koha.tu.koszalin.pl/cgi-bin/koha/opac-detail.pl?biblionumber=45868
_yKatalog online BPK